| 000 | 00555nam a22001817a 4500 | ||
|---|---|---|---|
| 005 | 20231108134526.0 | ||
| 008 | 231108b |||||||| |||| 00| 0 eng d | ||
| 020 | _a0702103381 | ||
| 041 | _aEnglish | ||
| 082 | _a346.3 BOB | ||
| 100 |
_aBoberg, PQR _lEnglish |
||
| 245 |
_aThe Apportionment of Damages Amendment Act 58 of 1971 / _cPQR Boberg |
||
| 250 | _aFirst Edition | ||
| 260 |
_aCape Town : _bJuta and Company Ltd, _c1971 |
||
| 300 |
_bv, 51 pages ; _c25,5 cm. |
||
| 650 |
_aLegal practice _bLaw |
||
| 942 |
_cBK _6ALISON_BN_VRIES |
||
| 999 |
_c438 _d438 |
||